00373 a2200133 4500020001500000082001600015082000800031100001600039245006400055250001100119260005600130300003200186650002100218 a8123912277 a624.151 SIN bSIN aSingh, Alam aSoil Engineering in Theory and Practice [vol 3]cAlam Singh a2nd ed aNew Delhi :bCBS Publishers and Distributors,c2006 axii, 314p. :bill. ;c25 cm aSoil Engineering